Droit : Les tribunaux administratifs en France - Statistiques

Statistiques générales
  • Ce quiz a été pris 175 fois
  • Le résultat moyen est 26 sur 40
Statistiques - réponses
Réponse % Correct
Paris
98%
Marseille
95%
Bordeaux
93%
Lille
91%
Toulouse
91%
Nice
89%
Strasbourg
87%
Lyon
85%
Rennes
85%
Nantes
84%
La Réunion (Saint-Denis)
78%
Montpellier
78%
Amiens
71%
Versailles
71%
Caen
69%
Dijon
69%
Grenoble
69%
Nancy
69%
Orléans
67%
Clermont-Ferrand
65%
Martinique (Fort de France)
65%
Pau
65%
Bastia
64%
Poitiers
62%
Rouen
62%
Guyane (Cayenne)
60%
Nîmes
60%
Limoges
58%
Toulon
58%
Guadeloupe (Basse-Terre)
56%
Mayotte
56%
Besançon
53%
Nouvelle-Calédonie (Nouméa)
53%
Cergy-Pontoise
44%
Châlons-en-Champagne
38%
Melun
38%
Polynésie française (Tahiti - Papeete)
38%
Saint-Pierre-et-Miquelon
35%
Montreuil
29%
Wallis-et-Futuna (Mata-Utu)
27%
Aucun quiz correspondant
Distribution des résultats
% des personnes avec chaque résultat
Percentile par nombre de réponses
Votre historique - résultats
Vous n’avez pas pris ce quiz